[Event "North Bay int."]
[Site "North Bay CAN"]
[Date "1996.08.08"]
[Round "2"]
[White "Kamberi, Sonny"]
[Black "Jung, Hans"]
[Result "1-0"]
[WhiteElo "2316"]
[BlackElo "2327"]
[PlyCount "59"]
[EventDate "1996.08.07"]
[EventType "swiss"]
[EventRounds "9"]
[EventCountry "CAN"]

1. e4 d6 2. d4 e5 3. Nf3 exd4 4. Nxd4 Nf6 5. Nc3 g6 6. Bg5 Bg7 7. Qd2 h6 8. Bf4
Qe7 9. O-O-O Nbd7 10. Bb5 a6 11. Ba4 O-O 12. Bxd7 Bxd7 13. Bxh6 Nxe4 14. Nxe4
Bxh6 15. Qxh6 Qxe4 16. h4 Qe5 17. h5 Qg7 18. hxg6 fxg6 19. Qe3 Rae8 20. Qb3+
Qf7 21. Qxb7 Qxa2 22. Nb3 Rxf2 23. Qd5+ Be6 24. Qd4 Rxc2+ 25. Kxc2 Bxb3+ 26.
Kc3 Re5 27. Ra1 Rc5+ 28. Qxc5 dxc5 29. Rxa2 Bxa2 30. b3 1-0

[Event "North Bay int."]
[Site "North Bay CAN"]
[Date "1996.08.08"]
[Round "2"]
[White "Karklins, Andrew"]
[Black "Shernoff, Leon"]
[Result "1-0"]
[WhiteElo "2380"]
[BlackElo "2100"]
[PlyCount "35"]
[EventDate "1996.08.07"]
[EventType "swiss"]
[EventRounds "9"]
[EventCountry "CAN"]

1. e4 e5 2. Nf3 d6 3. d4 exd4 4. Qxd4 Nf6 5. b3 Be7 6. Bb2 O-O 7. Nc3 Nc6 8.
Qd2 Bg4 9. O-O-O Bxf3 10. gxf3 Ne5 11. f4 Ng6 12. f5 Nh5 13. Rg1 Ngf4 14. Be2
Nxe2+ 15. Qxe2 Bg5+ 16. Kb1 Nf4 17. Qg4 f6 18. Bc1 1-0

[Event "North Bay int."]
[Site "North Bay CAN"]
[Date "1996.08.08"]
[Round "2"]
[White "Koster, Ed"]
[Black "Chow, Albert"]
[Result "1/2-1/2"]
[WhiteElo "2207"]
[BlackElo "2366"]
[PlyCount "43"]
[EventDate "1996.08.07"]
[EventType "swiss"]
[EventRounds "9"]
[EventCountry "CAN"]

1. Nf3 c5 2. c4 Nf6 3. Nc3 d5 4. cxd5 Nxd5 5. d4 cxd4 6. Qxd4 Nxc3 7. Qxc3 Nc6
8. e4 e6 9. Bb5 Bd7 10. O-O Qb6 11. a4 Qc5 12. Bd2 Qxc3 13. Bxc3 f6 14. e5 Be7
15. Rfd1 Rd8 16. Bc4 Kf7 17. exf6 Bxf6 18. Rac1 Bc8 19. Re1 Rd6 20. h3 Rhd8 21.
g3 h6 22. g4 1/2-1/2

[Event "North Bay int."]
[Site "North Bay CAN"]
[Date "1996.08.08"]
[Round "2"]
[White "Linn, Peter"]
[Black "Kiviaho, Robert"]
[Result "0-1"]
[WhiteElo "2081"]
[BlackElo "2331"]
[PlyCount "72"]
[EventDate "1996.08.07"]
[EventType "swiss"]
[EventRounds "9"]
[EventCountry "CAN"]
[Source "ChessBase"]
[SourceDate "1997.11.17"]

1. e4 c5 2. Nc3 Nc6 3. f4 d6 4. Bb5 Bd7 5. Bxc6 Bxc6 6. Nf3 b5 7. d3 b4 8. Ne2
g6 9. O-O Bg7 10. Qe1 Nf6 11. Qh4 e6 12. Ng3 h6 13. Rb1 g5 14. fxg5 hxg5 15.
Qxg5 Bh6 16. Qxh6 Rxh6 17. Bxh6 Ng4 18. Bf4 Qb6 19. c4 O-O-O 20. h3 Nf6 21. Bg5
Rg8 22. Bxf6 Rxg3 23. h4 Rg6 24. Ng5 Qc7 25. h5 Rh6 26. g4 d5 27. Kg2 Rxf6 28.
Rxf6 Qe5 29. Rbf1 Qxg5 30. Rxf7 Qxg4+ 31. Kh2 Qxh5+ 32. Kg3 Qg5+ 33. Kh3 dxe4
34. Rxa7 Qh6+ 35. Kg4 exd3 36. Rff7 d2 0-1

[Event "North Bay int."]
[Site "North Bay CAN"]
[Date "1996.08.08"]
[Round "2"]
[White "Linskiy, Oleg"]
[Black "Zendrowski, Jay"]
[Result "1/2-1/2"]
[WhiteElo "2390"]
[BlackElo "2224"]
[PlyCount "109"]
[EventDate "1996.08.07"]
[EventType "swiss"]
[EventRounds "9"]
[EventCountry "CAN"]

1. e4 c5 2. Nf3 d6 3. d4 cxd4 4. Nxd4 Nf6 5. Nc3 a6 6. Bg5 e6 7. Qd3 Nbd7 8.
O-O-O Be7 9. f4 Qc7 10. Be2 b5 11. Bxf6 Nxf6 12. Bf3 e5 13. Nf5 Bxf5 14. exf5
Rc8 15. g4 exf4 16. Rhe1 b4 17. Nd5 Nxd5 18. Bxd5 O-O 19. Bb3 Bh4 20. Re4 a5
21. Qh3 Qd8 22. Kb1 Bf6 23. Qg2 Rc5 24. Rxf4 Qe7 25. Re4 Re5 26. Rde1 h6 27.
Qf3 Qb7 28. Qd3 Rfe8 29. Rxe5 dxe5 30. Bd5 Qc7 31. Qe4 Qc5 32. Qc4 Qxc4 33.
Bxc4 Rd8 34. Bd3 Rd4 35. h3 Kf8 36. a3 Ke7 37. axb4 axb4 38. Ka2 Kd6 39. Be4
Kc5 40. Kb3 Rd2 41. Ra1 Rh2 42. Ra5+ Kd4 43. Bb7 Rxh3+ 44. Kxb4 Rh4 45. Kb5 h5
46. Ra3 e4 47. Ra4+ Ke3 48. Rxe4+ Kd2 49. gxh5 Rxh5 50. Bc8 Kxc2 51. b4 Rh4 52.
Rxh4 Bxh4 53. Kc6 g6 54. Be6 gxf5 55. Bxf5+ 1/2-1/2

[Event "North Bay int."]
[Site "North Bay CAN"]
[Date "1996.08.08"]
[Round "2"]
[White "Livshits, Ron"]
[Black "Boudy Bueno, Julio"]
[Result "0-1"]
[WhiteElo "2468"]
[BlackElo "2281"]
[PlyCount "52"]
[EventDate "1996.08.07"]
[EventType "swiss"]
[EventRounds "9"]
[EventCountry "CAN"]

1. d4 Nf6 2. c4 c5 3. e3 e6 4. Nc3 b6 5. d5 exd5 6. cxd5 d6 7. Nf3 Be7 8. Be2
O-O 9. O-O Na6 10. e4 Nc7 11. a4 Nd7 12. Bf4 Bb7 13. Qd2 a6 14. Rfe1 Re8 15.
Rad1 Nf8 16. e5 Ng6 17. Bg3 Bf8 18. Bc4 dxe5 19. Nxe5 Nxe5 20. Bxe5 Bd6 21. Qf4
Rxe5 22. Rxe5 f6 23. Qf5 fxe5 24. Ne4 Qe7 25. Rd3 Rf8 26. Qh5 Rf4 0-1

[Event "North Bay int."]
[Site "North Bay CAN"]
[Date "1996.08.08"]
[Round "2"]
[White "Morovic Fernandez, Ivan"]
[Black "Dougherty, Michael"]
[Result "1-0"]
[WhiteElo "2590"]
[BlackElo "2310"]
[PlyCount "65"]
[EventDate "1996.08.07"]
[EventType "swiss"]
[EventRounds "9"]
[EventCountry "CAN"]

1. e4 c5 2. Nf3 Nc6 3. d4 cxd4 4. Nxd4 Nf6 5. Nc3 d6 6. Bc4 Qb6 7. Nxc6 bxc6 8.
O-O g6 9. e5 dxe5 10. Qe2 Bg7 11. Qxe5 Qb4 12. Qf4 a5 13. a3 Qb8 14. Re1 Bf5
15. Bb3 Nd7 16. Qh4 O-O 17. Qxe7 Be5 18. h3 Bf6 19. Qe3 Nb6 20. Qf3 a4 21. Ba2
Bg7 22. Bg5 Ra7 23. Be7 Rxe7 24. Rxe7 Nc8 25. Ree1 Bxc2 26. Re8 Qb7 27. Rxf8+
Kxf8 28. Rc1 Bb3 29. Bxb3 axb3 30. Na4 Ne7 31. Nc5 Qb5 32. a4 Qa5 33. Ne6+ 1-0

[Event "North Bay int."]
[Site "North Bay CAN"]
[Date "1996.08.08"]
[Round "2"]
[White "Moussa, Alaa Eddine"]
[Black "Teodoro, Eduardo"]
[Result "1-0"]
[WhiteElo "2219"]
[BlackElo "2453"]
[PlyCount "80"]
[EventDate "1996.08.07"]
[EventType "swiss"]
[EventRounds "9"]
[EventCountry "CAN"]

1. d4 Nf6 2. c4 e6 3. Nf3 b6 4. g3 Bb7 5. Bg2 c5 6. O-O cxd4 7. Qxd4 Bc5 8. Qd1
O-O 9. a3 d5 10. b4 Be7 11. Nbd2 a5 12. b5 a4 13. Bb2 Nbd7 14. cxd5 Bxd5 15.
Nd4 Bxg2 16. Kxg2 Ne5 17. e4 Bc5 18. Nc6 Nxc6 19. bxc6 Qd6 20. Bxf6 gxf6 21.
Qg4+ Kh8 22. Qf3 Bd4 23. Rac1 Rac8 24. Nc4 Qc5 25. Nd2 Qg5 26. Rfd1 Bc5 27. h4
Qh6 28. e5 fxe5 29. Ne4 Be7 30. Rc2 f5 31. Ng5 Bxg5 32. hxg5 Qxg5 33. Rd7 f4
34. Qe4 f3+ 35. Kg1 Qh5 36. Rc3 Rf5 37. Rcd3 Rg8 38. Rd8 Rxd8 39. Rxd8+ Kg7 40.
Rd7+ Kf6 1-0

[Event "North Bay int."]
[Site "North Bay CAN"]
[Date "1996.08.08"]
[Round "2"]
[White "Olszewski, Piotr"]
[Black "Palsson, Halldor"]
[Result "1-0"]
[WhiteElo "2276"]
[BlackElo "2125"]
[PlyCount "69"]
[EventDate "1996.08.07"]
[EventType "swiss"]
[EventRounds "9"]
[EventCountry "CAN"]

1. d4 d5 2. c4 e6 3. Nc3 c6 4. Nf3 dxc4 5. a4 Bb4 6. e4 b5 7. Bd2 Bb7 8. Qc2 a6
9. Be2 Nf6 10. e5 Nd5 11. Ne4 Be7 12. Bg5 f6 13. exf6 gxf6 14. Bh6 Bb4+ 15.
Nfd2 Qe7 16. Bh5+ Kd8 17. O-O Nd7 18. b3 cxb3 19. Nxb3 N7b6 20. Nbc5 Kc7 21.
Rfc1 Rhc8 22. Be2 Kb8 23. Qb3 Rg8 24. g3 f5 25. Nxb7 bxa4 26. Rxa4 Nxa4 27.
Qxa4 Qxb7 28. Nc5 Bxc5 29. dxc5 Kc7 30. Qa1 Kd7 31. Bc4 Rab8 32. Bg7 Ke8 33.
Be5 Rd8 34. Rb1 Qd7 35. Qxa6 1-0

[Event "North Bay int."]
[Site "North Bay CAN"]
[Date "1996.08.08"]
[Round "2"]
[White "Powell, Bryson"]
[Black "Cote, Jacques"]
[Result "0-1"]
[WhiteElo "2084"]
[BlackElo "2273"]
[PlyCount "84"]
[EventDate "1996.08.07"]
[EventType "swiss"]
[EventRounds "9"]
[EventCountry "CAN"]

1. c4 g6 2. g3 Bg7 3. Bg2 c5 4. d3 e6 5. Nc3 Ne7 6. Qc2 Nbc6 7. Nf3 O-O 8. a3
b6 9. Bf4 d5 10. O-O Bb7 11. Rab1 Rc8 12. Rfd1 e5 13. Bg5 f6 14. cxd5 Nd4 15.
Nxd4 cxd4 16. Qb3 dxc3 17. d6+ Nd5 18. bxc3 fxg5 19. Bxd5+ Bxd5 20. Qxd5+ Rf7
21. d4 exd4 22. cxd4 Bf8 23. e4 Bxd6 24. Qb3 g4 25. e5 Be7 26. d5 Bc5 27. Rb2
Qe7 28. Re2 Rf3 29. Rd3 Rxd3 30. Qxd3 Bxa3 31. Kg2 Bc5 32. Qe4 Rd8 33. Rd2 Qg5
34. Re2 Qf5 35. Qc4 Qf3+ 36. Kg1 Qxd5 37. Qxg4 b5 38. h4 Qc4 39. Re4 Qf7 40.
Rf4 Qd7 41. Qg5 Be7 42. Qh6 Qh3 0-1

[Event "North Bay int."]
[Site "North Bay CAN"]
[Date "1996.08.08"]
[Round "2"]
[White "Southam, David"]
[Black "Cabanas, Francisco"]
[Result "1-0"]
[WhiteElo "2308"]
[BlackElo "2234"]
[PlyCount "45"]
[EventDate "1996.08.07"]
[EventType "swiss"]
[EventRounds "9"]
[EventCountry "CAN"]

1. d4 Nf6 2. c4 e6 3. Nc3 Bb4 4. Nf3 O-O 5. Bg5 d5 6. e3 Nbd7 7. Qc2 c6 8. cxd5
exd5 9. Bd3 Qa5 10. O-O h6 11. Bh4 Re8 12. Nd2 c5 13. Nb3 Qc7 14. Nb5 Qc6 15.
dxc5 Bxc5 16. Bxf6 gxf6 17. Rac1 Bb6 18. Qe2 Qe6 19. N3d4 Qe5 20. Nf5 Nf8 21.
Rxc8 Rexc8 22. Qh5 Ne6 23. Nxh6+ 1-0

[Event "North Bay int."]
[Site "North Bay CAN"]
[Date "1996.08.08"]
[Round "2"]
[White "Thiele, Frank"]
[Black "Kret, Ted"]
[Result "1/2-1/2"]
[WhiteElo "2108"]
[BlackElo "2242"]
[PlyCount "127"]
[EventDate "1996.08.07"]
[EventType "swiss"]
[EventRounds "9"]
[EventCountry "CAN"]

1. e4 e6 2. d4 d5 3. Nc3 Nf6 4. Bg5 dxe4 5. Nxe4 Be7 6. Nxf6+ Bxf6 7. Bxf6 Qxf6
8. Nf3 O-O 9. Bd3 Rd8 10. O-O Bd7 11. c3 c5 12. Qc2 cxd4 13. Nxd4 g6 14. Rfe1
Nc6 15. Nxc6 Bxc6 16. Be4 Qf4 17. g3 Bxe4 18. Qxe4 Qxe4 19. Rxe4 Rd2 20. Rb1
Rad8 21. Kf1 Rc2 22. Re2 Rdd2 23. Rxd2 Rxd2 24. h4 Kg7 25. Kg2 f5 26. Kf3 Kf6
27. a4 Rc2 28. a5 e5 29. Ke3 Ke6 30. Kf3 h6 31. Ke3 g5 32. hxg5 hxg5 33. a6 b5
34. f4 g4 35. fxe5 Rg2 36. Kf4 Rf2+ 37. Kg5 Kxe5 38. Re1+ Kd6 39. Rd1+ Kc6 40.
Rd3 Rf3 41. Rd4 Rxg3 42. Kxf5 Rg2 43. b4 g3 44. Rg4 Rf2+ 45. Ke4 g2 46. Rg6+
Kd7 47. Ke3 Ra2 48. Ke4 Rf2 49. Ke3 Rc2 50. Kd3 Ra2 51. Kd4 Ke7 52. Kc5 Kf7 53.
Rg3 Rxa6 54. Rxg2 Ra3 55. Kxb5 Rxc3 56. Ra2 Rc7 57. Ka6 Ke7 58. Rd2 Ke8 59. Rd5
Ke7 60. Rb5 Kd6 61. Rh5 Rc4 62. Rh6+ Kc7 63. Rh7+ Kc8 64. Rh8+ 1/2-1/2

[Event "North Bay int."]
[Site "North Bay CAN"]
[Date "1996.08.08"]
[Round "2"]
[White "Tipu, Vincent"]
[Black "Bell, Adam"]
[Result "1-0"]
[WhiteElo "2348"]
[BlackElo "1925"]
[PlyCount "63"]
[EventDate "1996.08.07"]
[EventType "swiss"]
[EventRounds "9"]
[EventCountry "CAN"]

1. Nc3 e5 2. Nf3 Nc6 3. d4 exd4 4. Nxd4 Nf6 5. Bg5 Be7 6. e3 d5 7. Bb5 Qd7 8.
O-O a6 9. Bd3 Nxd4 10. exd4 O-O 11. Re1 c6 12. Ne2 Qg4 13. Bf4 Bf5 14. Ng3 Qxd1
15. Raxd1 Bxd3 16. Rxe7 Bxc2 17. Rc1 Bg6 18. Rxb7 Rfe8 19. f3 Re6 20. Rb6 c5
21. dxc5 d4 22. Rxe6 fxe6 23. Be5 d3 24. Bxf6 gxf6 25. Kf2 Kf7 26. Ke3 Ke7 27.
Ne4 Rd8 28. Kd2 f5 29. Nd6 f4 30. Rc4 e5 31. Ra4 Rb8 32. b3 1-0

[Event "North Bay int."]
[Site "North Bay CAN"]
[Date "1996.08.08"]
[Round "2"]
[White "Williams, Paul"]
[Black "Deline, Ralph"]
[Result "1-0"]
[WhiteElo "2255"]
[BlackElo "2067"]
[PlyCount "149"]
[EventDate "1996.08.07"]
[EventType "swiss"]
[EventRounds "9"]
[EventCountry "CAN"]

1. Nf3 g6 2. d4 Bg7 3. e4 d6 4. Nc3 Nf6 5. Be2 O-O 6. O-O Nc6 7. h3 e5 8. Be3
Qe8 9. dxe5 Nxe5 10. Nxe5 Qxe5 11. f4 Qe7 12. Bf3 c6 13. Qd2 Be6 14. Rad1 Rfd8
15. Qf2 a6 16. Rfe1 Ne8 17. Bd4 f5 18. exf5 gxf5 19. g4 Qf7 20. g5 Rac8 21. Qe2
Bxd4+ 22. Rxd4 Ng7 23. Qd1 Qc7 24. Kg2 Bf7 25. Ne2 Ne6 26. Ng3 Nxd4 27. Qxd4
Bg6 28. h4 Re8 29. Rxe8+ Rxe8 30. h5 Qe7 31. hxg6 hxg6 32. Ne2 Rd8 33. c4 Kf7
34. Nc3 Ke8 35. Na4 Qe6 36. Kf2 Kf7 37. Nc3 Re8 38. Qd2 Rh8 39. Kg3 Ke7 40. Qe2
Qxe2 41. Nxe2 Rd8 42. Kf2 Kd7 43. Ke3 Kc7 44. Kd3 Re8 45. b4 Kb6 46. a3 Kc7 47.
a4 Re7 48. a5 Re8 49. Kd4 Re7 50. Nc1 Re1 51. Nd3 Re7 52. c5 d5 53. Ne5 Rg7 54.
Bxd5 cxd5 55. Kxd5 Re7 56. Nxg6 Re4 57. Ne5 Rxf4 58. g6 Rf1 59. Ke6 f4 60. g7
Rg1 61. Kf7 f3 62. Nxf3 Rxg7+ 63. Kxg7 Kc6 64. Nd4+ Kd5 65. Nc2 Kc4 66. Kf6 Kc3
67. b5 axb5 68. a6 bxa6 69. c6 Kxc2 70. c7 b4 71. c8=Q+ Kb2 72. Qxa6 b3 73. Ke5
Kb1 74. Kd4 Kc2 75. Qe2+ 1-0

[Event "North Bay int."]
[Site "North Bay CAN"]
[Date "1996.08.08"]
[Round "2"]
[White "Winterton, Ken"]
[Black "Marshall, Peter"]
[Result "1-0"]
[WhiteElo "2015"]
[BlackElo "2251"]
[PlyCount "95"]
[EventDate "1996.08.07"]
[EventType "swiss"]
[EventRounds "9"]
[EventCountry "CAN"]

1. d4 Nf6 2. Bg5 e6 3. Nd2 c5 4. e3 Nc6 5. Ngf3 h6 6. Bxf6 gxf6 7. c3 d5 8. Bb5
Bd7 9. Qe2 a6 10. Bd3 c4 11. Bc2 f5 12. g3 Bd6 13. Nh4 Qc7 14. Qh5 Ke7 15. f4
Rag8 16. Qf3 b5 17. a3 a5 18. Kf2 b4 19. axb4 axb4 20. Bxf5 bxc3 21. bxc3 exf5
22. Qxd5 Be6 23. Nxf5+ Bxf5 24. Qxf5 Rg6 25. Rhb1 Re6 26. Qd5 Rd8 27. Qxc4 Rf6
28. d5 Ne5 29. Qxc7+ Bxc7 30. Ke2 Rxd5 31. fxe5 Rxe5 32. Rb7 Rc6 33. Raa7 Kd6
34. Ra4 Ke6 35. Rc4 Rxc4 36. Nxc4 Rc5 37. Kd3 Kd5 38. e4+ Kc6 39. Rb1 Rh5 40.
Rb2 Rh3 41. Rf2 h5 42. Rf6+ Kb7 43. Rxf7 Rxh2 44. Ne3 Rh3 45. Nd5 Rxg3+ 46. Kd4
Rg5 47. Rxc7+ Kb8 48. Rh7 1-0

[Event "North Bay int."]
[Site "North Bay CAN"]
[Date "1996.08.08"]
[Round "3"]
[White "Acker, Robert"]
[Black "Marshall, Peter"]
[Result "0-1"]
[WhiteElo "2100"]
[BlackElo "2251"]
[PlyCount "82"]
[EventDate "1996.08.07"]
[EventType "swiss"]
[EventRounds "9"]
[EventCountry "CAN"]

1. Nf3 c5 2. e3 Nc6 3. d4 e6 4. Bd3 Nf6 5. c3 d5 6. Nbd2 cxd4 7. exd4 Bd6 8.
O-O O-O 9. Re1 Qc7 10. Bb5 a6 11. Bxc6 bxc6 12. Ne5 Nd7 13. Ndf3 Nxe5 14. dxe5
Be7 15. Bf4 Rb8 16. Qd2 Qb6 17. Rab1 c5 18. h4 Rd8 19. Ng5 h6 20. Nf3 Bf8 21.
Nh2 d4 22. c4 Rd7 23. h5 Qd8 24. g3 Rdb7 25. Ng4 Kh8 26. b3 Bd7 27. Qd3 Be7 28.
Qd2 Bc6 29. Nh2 a5 30. Qd3 Bg5 31. Qd2 a4 32. Bxg5 Qxg5 33. Qxg5 hxg5 34. h6
gxh6 35. Ng4 axb3 36. axb3 Rxb3 37. Rxb3 Rxb3 38. Nxh6 Kg7 39. Ng4 Bf3 40. Nf6
d3 41. Kh2 d2 0-1

[Event "North Bay int."]
[Site "North Bay CAN"]
[Date "1996.08.08"]
[Round "3"]
[White "Allan, Denis"]
[Black "Koster, Ed"]
[Result "1-0"]
[WhiteElo "2384"]
[BlackElo "2207"]
[PlyCount "73"]
[EventDate "1996.08.07"]
[EventType "swiss"]
[EventRounds "9"]
[EventCountry "CAN"]

1. g3 d5 2. Nf3 Nf6 3. Bg2 g6 4. O-O Bg7 5. d3 O-O 6. Nbd2 Nc6 7. c4 e5 8. cxd5
Nxd5 9. a3 h6 10. e3 Be6 11. Qc2 Nb6 12. Ne4 Qc8 13. Re1 Rd8 14. Nc5 Bd5 15.
Bd2 a5 16. Rac1 Rd6 17. Bc3 a4 18. Re2 Ra7 19. Rce1 Qd8 20. Bd2 Qe7 21. Rc1 Na5
22. e4 Ba2 23. Bxa5 Rxa5 24. Nxb7 Ra7 25. Nxd6 Qxd6 26. Qc6 Qxd3 27. Rd2 Qb3
28. Nxe5 Bxe5 29. Qe8+ Kh7 30. Qxe5 Nc4 31. Rxc4 Qxc4 32. Rd8 Qc1+ 33. Bf1 g5
34. Rh8+ Kg6 35. Rg8+ Kh5 36. g4+ Kxg4 37. Qg3+ 1-0

[Event "North Bay int."]
[Site "North Bay CAN"]
[Date "1996.08.08"]
[Round "3"]
[White "Balandin, Aleksey"]
[Black "Morovic Fernandez, Ivan"]
[Result "0-1"]
[WhiteElo "2448"]
[BlackElo "2590"]
[PlyCount "88"]
[EventDate "1996.08.07"]
[EventType "swiss"]
[EventRounds "9"]
[EventCountry "CAN"]

1. e4 c5 2. b3 d6 3. Bb2 e6 4. Bb5+ Bd7 5. Bxd7+ Nxd7 6. Ne2 Ngf6 7. d3 d5 8.
Nd2 Be7 9. O-O O-O 10. Ng3 Ne8 11. f4 f5 12. exd5 exd5 13. Qf3 Nc7 14. Rae1 g6
15. d4 Bf6 16. Qf2 Nb5 17. Nf3 Rc8 18. Rd1 c4 19. a4 Nd6 20. Ba3 Be7 21. Bxd6
Bxd6 22. Ne5 cxb3 23. cxb3 Nf6 24. Qf3 Kg7 25. Ne2 Ne4 26. g4 Rc2 27. gxf5 Rxf5
28. Ng4 Qh4 29. Ne3 Rxf4 30. Qg2 Rxf1+ 31. Kxf1 Qf6+ 32. Kg1 Rxe2 33. Qxe2 Nc3
34. Qg4 Nxd1 35. Nxd1 h5 36. Qd7+ Kh6 37. Nf2 Bf4 38. Qe8 Bxh2+ 39. Kg2 Bd6 40.
Qd7 Qf4 41. Qxb7 Qxd4 42. Qc8 Bc5 43. Nh3 Qe4+ 44. Kh2 Qe2+ 0-1

[Event "North Bay int."]
[Site "North Bay CAN"]
[Date "1996.08.08"]
[Round "3"]
[White "Bell, Adam"]
[Black "Wen, Jean-Francois"]
[Result "1/2-1/2"]
[WhiteElo "1925"]
[BlackElo "2214"]
[PlyCount "45"]
[EventDate "1996.08.07"]
[EventType "swiss"]
[EventRounds "9"]
[EventCountry "CAN"]

1. e4 e6 2. d4 d5 3. Nd2 Nf6 4. e5 Nfd7 5. f4 c5 6. c3 Nc6 7. Ndf3 Qa5 8. dxc5
Qxc5 9. Nd4 Be7 10. Ngf3 Qb6 11. Bd3 a5 12. Qe2 Nc5 13. Bb1 g6 14. Be3 Bd7 15.
Qf2 Rc8 16. O-O Qa6 17. g4 Ne4 18. Bxe4 dxe4 19. Nxc6 Bxc6 20. Nd4 Bb5 21. Nxb5
Qxb5 22. a4 Qc6 23. Rfd1 1/2-1/2

[Event "North Bay int."]
[Site "North Bay CAN"]
[Date "1996.08.08"]
[Round "3"]
[White "Cabanas, Francisco"]
[Black "Deline, Ralph"]
[Result "1/2-1/2"]
[WhiteElo "2234"]
[BlackElo "2067"]
[PlyCount "125"]
[EventDate "1996.08.07"]
[EventType "swiss"]
[EventRounds "9"]
[EventCountry "CAN"]

1. e4 e5 2. Nf3 Nc6 3. Bb5 a6 4. Bxc6 dxc6 5. O-O Bd6 6. d4 Qe7 7. dxe5 Bxe5 8.
Nxe5 Qxe5 9. Nc3 Nf6 10. f3 Bd7 11. Be3 O-O-O 12. Qe2 h5 13. Na4 Qb5 14. Qxb5
axb5 15. Nc5 Be8 16. Bg5 b6 17. Nd3 Rd4 18. Bxf6 gxf6 19. Rad1 c5 20. c3 Rd8
21. h4 Bd7 22. Nf4 f5 23. e5 Be6 24. a3 Bb3 25. Rxd8+ Kxd8 26. Rf2 Ke7 27. Rd2
Rh6 28. Kf2 Bc4 29. b4 cxb4 30. axb4 Rh8 31. Rd1 Rh6 32. Ra1 Kd7 33. Ra8 Ke7
34. Rg8 f6 35. Rg7+ Kf8 36. exf6 Bf7 37. Rg5 Rxf6 38. Nxh5 Rh6 39. g4 fxg4 40.
fxg4 Rc6 41. Rxb5 Rxc3 42. Nf4 Rb3 43. h5 Bc4 44. Rg5 Rxb4 45. h6 Rb2+ 46. Ke3
Rh2 47. Nh5 Rh3+ 48. Kf4 Bd3 49. Rg7 c5 50. h7 Rxh5 51. Rg8+ Kf7 52. gxh5 Bxh7
53. Rb8 c4 54. Rxb6 c3 55. Rc6 c2 56. Kg5 Be4 57. Rc7+ Ke6 58. Kf4 Kd5 59. h6
Kd4 60. Rc8 Bh7 61. Rc6 Kd3 62. Kf3 Kd2 63. Rxc2+ 1/2-1/2

[Event "North Bay int."]
[Site "North Bay CAN"]
[Date "1996.08.08"]
[Round "3"]
[White "Campbell, Brett"]
[Black "Bugbee, Brian"]
[Result "1-0"]
[WhiteElo "2295"]
[BlackElo "2013"]
[PlyCount "67"]
[EventDate "1996.08.07"]
[EventType "swiss"]
[EventRounds "9"]
[EventCountry "CAN"]

1. c4 Nf6 2. Nc3 c5 3. g3 g6 4. Bg2 Bg7 5. e4 e5 6. Nge2 d6 7. O-O Nc6 8. d3
Be6 9. h3 Qd7 10. Kh2 O-O 11. f4 Ne8 12. a3 f5 13. Rb1 a5 14. Nd5 Ra6 15. Nec3
Bxd5 16. Nxd5 Ne7 17. exf5 gxf5 18. fxe5 dxe5 19. Be3 b6 20. b4 axb4 21. axb4
Nc7 22. Nxc7 Qxc7 23. bxc5 bxc5 24. Rb7 Qd6 25. Bg5 Bf6 26. Qh5 Ra2 27. Rfb1
Qc6 28. R1b2 Rxb2 29. Rxb2 Qd6 30. Rb7 Rd8 31. Bd5+ Kh8 32. Qh6 Bxg5 33. Qxg5
Nxd5 34. Qg7# 1-0

[Event "North Bay int."]
[Site "North Bay CAN"]
[Date "1996.08.08"]
[Round "3"]
[White "Ceterski, Tom"]
[Black "Guo, Joshua"]
[Result "0-1"]
[WhiteElo "2015"]
[BlackElo "2209"]
[PlyCount "124"]
[EventDate "1996.08.07"]
[EventType "swiss"]
[EventRounds "9"]
[EventCountry "CAN"]

1. d4 Nf6 2. c4 c5 3. d5 b5 4. cxb5 a6 5. b6 Qxb6 6. Nc3 g6 7. e4 d6 8. Nf3 Bg7
9. h3 O-O 10. Bc4 Qb4 11. Qb3 Nbd7 12. a3 Qa5 13. O-O Rb8 14. Qc2 Nb6 15. Be2
Bd7 16. Rb1 Na4 17. Bd2 Nxc3 18. Bxc3 Qa4 19. Bd3 Qxc2 20. Bxc2 Rb7 21. Nd2
Rfb8 22. Rfe1 Bb5 23. a4 Bd7 24. Nc4 Nh5 25. e5 Nf4 26. Na5 Rc7 27. exd6 exd6
28. Bxg7 Kxg7 29. Nc4 Nxd5 30. Nxd6 Nb4 31. Rbc1 Nxc2 32. Rxc2 Bxa4 33. Rc4 Bb5
34. Rc3 Rd8 35. Nxb5 axb5 36. Rec1 Rdc8 37. Kf1 Kf6 38. Ke2 Ke5 39. Ke3 f5 40.
f4+ Kd5 41. Rd1+ Kc6 42. Rdc1 Re7+ 43. Kf3 Kb6 44. g3 Re4 45. g4 b4 46. Rd3 Kb5
47. b3 Kc6 48. gxf5 gxf5 49. Rc2 Ra8 50. Rcd2 Ra3 51. Rd6+ Kb5 52. R2d3 Re1 53.
Rd8 Rb1 54. Rb8+ Kc6 55. Rc8+ Kb6 56. Rb8+ Kc7 57. Rh8 c4 58. Rxh7+ Kc6 59.
Rh6+ Kc5 60. Rdd6 Rbxb3+ 61. Ke2 Rb2+ 62. Ke1 Rh2 0-1

[Event "North Bay int."]
[Site "North Bay CAN"]
[Date "1996.08.08"]
[Round "3"]
[White "Chow, Albert"]
[Black "Kamberi, Sonny"]
[Result "1-0"]
[WhiteElo "2366"]
[BlackElo "2316"]
[PlyCount "101"]
[EventDate "1996.08.07"]
[EventType "swiss"]
[EventRounds "9"]
[EventCountry "CAN"]

1. d4 Nf6 2. c4 g6 3. Nc3 Bg7 4. e4 d6 5. Nf3 O-O 6. Be2 e5 7. O-O Nc6 8. d5
Ne7 9. b4 Nh5 10. Re1 f5 11. Nd2 Nf4 12. Bf1 fxe4 13. Ndxe4 Nf5 14. g3 Nh5 15.
Bg5 Nf6 16. c5 h6 17. Bxf6 Bxf6 18. Nxf6+ Qxf6 19. Ne4 Qd8 20. Bg2 Nd4 21. Rc1
Bf5 22. f4 Kg7 23. Kh1 Re8 24. Qd2 Rc8 25. Rc4 Bxe4 26. Rxe4 Nf5 27. fxe5 dxe5
28. Bh3 Qf6 29. Rc1 Rcd8 30. Rf1 h5 31. Ree1 e4 32. Bg2 e3 33. Qd3 Qd4 34.
Qxd4+ Nxd4 35. Rf4 Nc2 36. Re2 Re5 37. Rc4 Na3 38. Rc3 Nb5 39. Rcxe3 Rxe3 40.
Rxe3 Kf7 41. Be4 Nd4 42. Kg2 Nf5 43. Ra3 a6 44. Rd3 Kf6 45. d6 c6 46. Bxf5 gxf5
47. Re3 Rd7 48. Kf3 Rg7 49. h3 Rd7 50. Kf4 Rg7 51. Re5 1-0

[Event "North Bay int."]
[Site "North Bay CAN"]
[Date "1996.08.08"]
[Round "3"]
[White "Cote, Jacques"]
[Black "Winterton, Ken"]
[Result "1-0"]
[WhiteElo "2273"]
[BlackElo "2015"]
[PlyCount "77"]
[EventDate "1996.08.07"]
[EventType "swiss"]
[EventRounds "9"]
[EventCountry "CAN"]

1. e4 c5 2. Nf3 Nf6 3. e5 Nd5 4. c4 Nc7 5. d4 cxd4 6. Qxd4 Nc6 7. Qe4 e6 8. Bg5
Be7 9. h4 Na6 10. Nc3 h6 11. Bd2 d6 12. O-O-O Nc5 13. Qg4 g6 14. Be3 d5 15. Qf4
Qa5 16. Kb1 Na4 17. Nxa4 Qxa4 18. b3 Qa5 19. Bd2 Qc7 20. Bc3 Rg8 21. Qxh6 dxc4
22. Bxc4 Bd7 23. Rhe1 O-O-O 24. Qc1 a6 25. Qb2 Kb8 26. g3 Bc8 27. Bf1 b6 28.
Nd4 Bc5 29. Nxc6+ Qxc6 30. b4 Be7 31. b5 axb5 32. Bxb5 Qf3 33. Be2 Qe4+ 34. Bd3
Qc6 35. Bd4 Bc5 36. Be4 Bxd4 37. Rxd4 Qc5 38. Rb4 b5 39. Rxb5+ 1-0

[Event "North Bay int."]
[Site "North Bay CAN"]
[Date "1996.08.08"]
[Round "3"]
[White "Desjardins, Andre"]
[Black "Livshits, Ron"]
[Result "1/2-1/2"]
[WhiteElo "2252"]
[BlackElo "2468"]
[PlyCount "41"]
[EventDate "1996.08.07"]
[EventType "swiss"]
[EventRounds "9"]
[EventCountry "CAN"]

1. e4 c5 2. Nf3 d6 3. d4 cxd4 4. Nxd4 Nf6 5. Nc3 a6 6. Bg5 e6 7. f4 Qc7 8. Qf3
Nbd7 9. O-O-O b5 10. e5 Bb7 11. Qh3 dxe5 12. Nxe6 fxe6 13. Qxe6+ Be7 14. Bxb5
axb5 15. Nxb5 Qb6 16. Nd6+ Kd8 17. fxe5 Bd5 18. Rxd5 Nxd5 19. Bxe7+ Nxe7 20.
Rd1 Ra7 21. Nf7+ 1/2-1/2